000 00601nam a2200217 a 4500
001 23224
003 CO-ViMGA
008 141112s2004 ck r 000 u spa d
020 _a9584217577
040 _aCO-ViMGA
_bspa
_cCO-ViMGA
082 0 4 _a070.44 C177p
100 1 _aCastro Caycedo, Germán
245 1 0 _aPerdido en el Amazonas
250 _aLetras colombianas de hoy
260 _aColombia :
_bPlaneta,
_c1998
300 _a281 p.
490 _aLetras colombianas de hoy
650 1 4 _aAmazonas (Colombia) - descripciones y viajes
_933472
650 1 4 _aReportajes
_923089
942 _2ddc
_cBK
999 _c31470
_d31470